| 000 | 00669nam a2200217 a 4500 | ||
|---|---|---|---|
| 001 | 827 | ||
| 005 | 20221127090030.0 | ||
| 008 | 050920s lxxua | 00100|eng d | ||
| 020 |
_a0130993069(hpb) : _cSR329.00 |
||
| 035 | _a840 | ||
| 082 | 0 | 4 |
_a658.4013 _bT64 2003. |
| 245 | 0 | 0 |
_aTotal quality management / _cDale H. Besterfield ... [et al.]. |
| 250 | _a3rd ed. | ||
| 260 |
_aUpper Saddle River, NJ : _bPearson Education, _c2003. |
||
| 300 |
_axi, 640 p. : _bill. ; _c24 cm. |
||
| 504 | _aIncludes bibl. references and index. | ||
| 650 | 4 | _aQuality control. | |
| 650 | 4 | _aQuality function development. | |
| 650 | 4 | _aProduct management. | |
| 700 | 0 | _aBesterfield, Dale H. | |
| 999 |
_c827 _d827 |
||